[Event "POL-ch Seniors 18th"]
[Site "Rowy"]
[Date "2007.09.11"]
[Round "4.11"]
[White "Grabarczyk, Edmund"]
[Black "Sidlo, Andrzej"]
[Result "0-1"]
[WhiteElo "1563"]
[BlackElo "2038"]
[PlyCount "74"]
[EventDate "2007.09.09"]
[EventType "swiss"]
[EventRounds "9"]
[EventCountry "POL"]
[SourceTitle "EXT 2023"]
[Source "ChessBase"]
[SourceDate "2022.10.05"]
[SourceVersion "1"]
[SourceVersionDate "2022.10.05"]
[SourceQuality "1"]

1. e4 e6 2. d4 d5 3. Nc3 Nf6 4. e5 Nfd7 5. f4 c5 6. Nf3 Nc6 7. Be3 Be7 8. dxc5 Nxc5 9. Bb5 Bd7 10. 0-0 a6 11. Be2 Qc7 12. a3 b5 13. b4 Nb7 14. Qe1 Rc8 15. Nd1 f5 16. c3 0-0 17. Qg3 Ncd8 18. h3 Nf7 19. Ng5 Nbd8 20. Kf2 Nh6 21. Rh1 Ndf7 22. Bd4 Qb7 23. Ne3 Bd8 24. Bc5 Re8 25. Bh5 Bb6 26. Nxf7 Nxf7 27. Bxf7+ Kxf7 28. Bd4 Qa7 29. Rad1 Bxd4 30. cxd4 Rc3 31. Qf3 Rec8 32. g4 Rxa3 33. gxf5 exf5 34. Qh5+ Kg8 35. Rhg1 g6 36. Rxg6+ Kh8 37. Rdg1 Qxd4 0-1

[Event "POL-ch Seniors 18th"]
[Site "Rowy"]
[Date "2007.09.10"]
[Round "3.2"]
[White "Sidlo, Andrzej"]
[Black "Szczepaniec, Stanislaw"]
[Result "0-1"]
[WhiteElo "2038"]
[BlackElo "2118"]
[PlyCount "90"]
[EventDate "2007.09.09"]
[EventType "swiss"]
[EventRounds "9"]
[EventCountry "POL"]
[SourceTitle "EXT 2023"]
[Source "ChessBase"]
[SourceDate "2022.10.05"]
[SourceVersion "1"]
[SourceVersionDate "2022.10.05"]
[SourceQuality "1"]

1. e4 c5 2. Nf3 g6 3. Nc3 Bg7 4. Bc4 Nc6 5. a3 e6 6. 0-0 Nge7 7. Re1 0-0 8. d3 d5 9. exd5 exd5 10. Ba2 h6 11. h3 Kh7 12. Ne2 b5 13. c4 bxc4 14. dxc4 d4 15. Nf4 Nf5 16. Nd3 Qb6 17. Rb1 a5 18. Bf4 Be6 19. Qc2 Rfd8 20. Re2 Bf8 21. Rbe1 Bd6 22. Bc1 a4 23. g4 Nfe7 24. Qd2 Ng8 25. Qc2 Ra7 26. Nh4 Be7 27. Ng2 Na5 28. Ngf4 Rd6 29. Nxe6 Rxe6 30. Nf4 Rxe2 31. Rxe2 Qc6 32. Nd5 Bh4 33. Bf4 Nf6 34. Qd3 Rb7 35. Nxf6+ Bxf6 36. f3 Kg7 37. Bg3 Nb3 38. Re1 Bg5 39. f4 Bd8 40. Bb1 Ba5 41. Re5 Nd2 42. Rd5 Rxb2 43. Bc2 Nxc4 44. Qxc4 Rxc2 45. Qxc2 Qxd5 0-1